Giáo trình thị trường vốn
Trình bày tổng quan về thị trường vốn, huy động vốn trên thị trường chứng khoán, hoạt động thuê mua, đầu tư trên thị trường chứng khoán thứ cấp, phân tích đầu tư chứng khoán, rủi ro trong đầu tư chứng khoán, quyền chọn và giao dịch tươ...
Bewaard in:
| Hoofdauteur: | |
|---|---|
| Formaat: | Boek |
| Taal: | Undetermined |
| Gepubliceerd in: |
Hà Nội
Đại học Kinh tế Quốc dân
2010
|
| Onderwerpen: | |
| Tags: |
Voeg label toe
Geen labels, Wees de eerste die dit record labelt!
|
| Thư viện lưu trữ: | Trung tâm Học liệu Trường Đại học Cần Thơ |
|---|
| LEADER | 01072nam a2200205Ia 4500 | ||
|---|---|---|---|
| 001 | CTU_163452 | ||
| 008 | 210402s9999 xx 000 0 und d | ||
| 020 | |c 40000 | ||
| 082 | |a 332.04 | ||
| 082 | |b H513 | ||
| 100 | |a Phạm, Văn Hùng | ||
| 245 | 0 | |a Giáo trình thị trường vốn | |
| 245 | 0 | |c Phạm Văn Hùng chủ biên | |
| 260 | |a Hà Nội | ||
| 260 | |b Đại học Kinh tế Quốc dân | ||
| 260 | |c 2010 | ||
| 520 | |a Trình bày tổng quan về thị trường vốn, huy động vốn trên thị trường chứng khoán, hoạt động thuê mua, đầu tư trên thị trường chứng khoán thứ cấp, phân tích đầu tư chứng khoán, rủi ro trong đầu tư chứng khoán, quyền chọn và giao dịch tương lai, quỹ đầu tư chứng khoán | ||
| 650 | |a Capital market,Financial instruments,Thị trường vốn,Công cụ tài chính | ||
| 904 | |i Trọng Hiếu | ||
| 980 | |a Trung tâm Học liệu Trường Đại học Cần Thơ | ||